Majstrovský list. Public Relations - kľúč k "image".

História vzniku a pôvod použitia disciplíny Public Relations PR. Presná definícia PR zatiaľ neexistuje. PR vytvárajú atmosféru v ktorej podnik operuje, vytvárajú tým základňu a stratégiu v úzkej spolupráci s vedením. Teoreticky sa PR spája spolu s propagáciou a reklamou. Prakticky je PR nezávislé od...

ver descrição completa

Na minha lista:
Detalhes bibliográficos
Autor principal: Modory, I.
Formato: Capítulo de Livro
Idioma:tcheco
Assuntos:
Tags: Adicionar Tag
Sem tags, seja o primeiro a adicionar uma tag!

MARC

LEADER 00000naa a2200000 4500
001 r012919
005 20221213090200.2
041 0 |a cze 
044 |a SK 
245 1 0 |a Majstrovský list.  |b Public Relations - kľúč k "image".  |c I. Modory 
520 |a História vzniku a pôvod použitia disciplíny Public Relations PR. Presná definícia PR zatiaľ neexistuje. PR vytvárajú atmosféru v ktorej podnik operuje, vytvárajú tým základňu a stratégiu v úzkej spolupráci s vedením. Teoreticky sa PR spája spolu s propagáciou a reklamou. Prakticky je PR nezávislé od marketingu. Postavenie a rozlíšenie PR podľa A. Oeckla: 1. Komunikácia, 2. Informácia, 3. PR two-way-komunikation - komunikácia prebiehajúca smerom dovnútra a smerom von. Cieľom je vytváranie pozitívneho image. 
610 2 0 |a práca s verejnosťou 
610 2 0 |a imidž 
610 2 0 |a marketing 
610 2 0 |a komunikácia 
610 2 0 |a informácie 
610 2 0 |a propagácia 
100 1 |a Modory, I.